000 01493cam a2200373 a 4500
001 2787
005 20240115122928.0
020 _a9781599904986 (hbk.)
020 _a1599904985 (hbk.)
040 _aDLC
_cDLC
_dIG#
_dIK2
_dYDXCP
_dDLC
_beng
050 0 0 _aPZ7.L46553
_bSe 2011
082 0 0 _a813.6
_222
100 1 _aLeavitt, Lindsey
245 1 0 _aSean Griswold's head /
_cLindsey Leavitt
250 _aFirst Scholastic printing, October 2011
260 _aNew York :
_bScholastic,
_c2011
300 _a276 pages ;
_c20 cm
505 _aM
520 _aAfter discovering that her father has multiple sclerosis, fifteen-year-old Payton begins counselling sessions at school, which lead her to become interested in a boy in her biology class, have a falling out with her best friend, develop an interest in bike riding, and eventually allow her to come to terms with life's uncertainties.
521 _a640
_bLexile
521 _aM
_bRaz-Plus
650 0 _aEmotional problems
_vJuvenile fiction.
650 0 _aMultiple sclerosis
_vJuvenile fiction.
650 0 _aFamilies
_zPennsylvania
_vJuvenile fiction.
650 0 _aHigh schools
_vJuvenile fiction.
650 0 _aSchools
_vJuvenile fiction.
650 1 _aEmotional problems
_vFiction.
650 1 _aMultiple sclerosis
_vFiction.
650 1 _aFamily life
_zPennsylvania
_vFiction.
650 1 _aHigh schools
_vFiction.
650 1 _aSchools
_vFiction.
906 _a7
_bcbc
_corignew
_d1
_eecip
_f20
_gy-gencatlg
942 _2ddc
_cBK
_n0
999 _c2787
_d2787